[Event "Challenge"]
[Site "http://www.queenalice.com/game.php?id=1811146"]
[Date "2023.5.3"]
[Round "-"]
[White "lobo"]
[Black "rafassj4"]
[Result "1-0"]
[WhiteElo "1815"]
[BlackElo "1749"]

1. e4 e5 2. Nf3 Nc6 3. Bc4 Nf6 4. O-O d5 5. exd5 Nxd5 6. Re1 Qd6 7. d4 f6 8.
dxe5 fxe5 9. Bxd5 Ne7 10. Nxe5 Bd7 11. Nf7 Qg6 12. Nxh8 1-0

[Event "AUTO-OPEN-4443"]
[Site "http://www.queenalice.com/game.php?id=1811250"]
[Date "2023.5.5"]
[Round "1"]
[White "Patolfo"]
[Black "lobo"]
[Result "1-0"]
[WhiteElo "2443"]
[BlackElo "1862"]

1. d4 d5 2. c4 c5 3. cxd5 Qxd5 4. Nf3 e6 5. Nc3 Qd8 6. Bf4 cxd4 7. Nxd4 Bc5 8.
Ndb5 Na6 9. Qxd8+ Kxd8 10. a3 Nf6 11. e4 Bd7 12. b4 Bb6 13. Rd1 Ng4 14. Bg3 e5
15. h3 Nf6 16. Bxe5 Nc7 17. Nxc7 Bxc7 18. Bxf6+ gxf6 19. Bb5 Kc8 20. Bxd7+ Kb8
21. Ke2 a6 22. Nd5 Be5 23. Nb6 Ra7 24. Bf5 Kc7 25. Nc8 Ra8 26. Rc1+ Kd8 27.
Rhd1+ Ke8 28. Nb6 Rb8 29. Nd7 Ra8 30. Nxe5 fxe5 31. Rc7 Rg8 32. Rdd7 Rg7 33.
Rxb7 Kf8 34. g3 h5 35. Ra7 Rxa7 36. Rxa7 f6 37. Rxg7 Kxg7 38. Bc8 Kf7 39. Bxa6
Ke7 40. b5 Kd7 41. b6 Kc6 42. b7 Kc7 43. h4 Kb8 44. g4 hxg4 45. h5 1-0

[Event "AUTO-OPEN-4443"]
[Site "http://www.queenalice.com/game.php?id=1811251"]
[Date "2023.5.5"]
[Round "1"]
[White "lobo"]
[Black "Patolfo"]
[Result "0-1"]
[WhiteElo "1790"]
[BlackElo "2439"]

1. d4 Nf6 2. Nf3 d5 3. Nc3 c6 4. Ne5 g6 5. Bg5 Bg7 6. Qd2 O-O 7. Bh6 Bxh6 8.
Qxh6 Nbd7 9. h4 Nxe5 10. dxe5 Ng4 11. Qf4 f6 12. e6 Bxe6 13. f3 Ne5 14. O-O-O
Rc8 15. g4 c5 16. Ne4 Qa5 17. Nxf6+ exf6 18. g5 Qxa2 19. Kd2 Qxb2 20. gxf6 Rce8
21. Ke1 Qc3+ 22. Kf2 Rxf6 23. Qg3 Nxf3 24. exf3 Qxc2+ 25. Be2 Bg4 0-1

[Event "AUTO-OPEN-4443"]
[Site "http://www.queenalice.com/game.php?id=1811274"]
[Date "2023.5.5"]
[Round "1"]
[White "lobo"]
[Black "TammieM3ENF"]
[Result "1-0"]
[WhiteElo "1788"]
[BlackElo "1251"]

1. c4 e5 2. Nc3 d5 3. Nxd5 Bf5 4. Nf3 c6 5. Ne3 e4 6. Nxf5 exf3 7. gxf3 g6 8.
Ne3 b5 9. Bg2 bxc4 10. Nxc4 a6 11. Qb3 f5 12. Ne5 g5 13. Qf7# 1-0

[Event "AUTO-OPEN-4443"]
[Site "http://www.queenalice.com/game.php?id=1811275"]
[Date "2023.5.5"]
[Round "1"]
[White "TammieM3ENF"]
[Black "lobo"]
[Result "0-1"]
[WhiteElo "1207"]
[BlackElo "1824"]

1. d4 d5 2. e4 dxe4 3. f3 Nf6 4. fxe4 Nxe4 5. g4 e6 6. c3 Qh4+ 7. Ke2 Qxg4+ 8.
Nf3 b6 9. h3 Ng3+ 10. Ke1 Nxh1 11. b4 Qg3+ 12. Kd2 Bd6 13. c4 Bxb4+ 14. Kc2 a5
15. a3 Be7 16. Ne1 Qf2+ 17. Kc3 Qxf1 18. c5 bxc5 19. a4 Bf6 20. Ra3 cxd4+ 21.
Kd2 Bg5+ 22. Kc2 Nf2 23. Qd2 Bxd2 24. Bxd2 Qc4+ 25. Nc3 dxc3 26. Bxc3 e5 27. h4
Bf5+ 28. Nd3 Qxd3+ 29. Kb3 Qc2+ 30. Kc4 O-O 31. h5 Be6+ 32. Kc5 Ne4+ 33. Kb5
Nxc3+ 34. Rxc3 Qxc3 35. h6 Qb4# 0-1

[Event "AUTO-OPEN-4443"]
[Site "http://www.queenalice.com/game.php?id=1811276"]
[Date "2023.5.5"]
[Round "1"]
[White "lobo"]
[Black "clovis"]
[Result "0-1"]
[WhiteElo "1826"]
[BlackElo "1957"]

1. e4 d5 2. d4 dxe4 3. Nc3 Nf6 4. Bc4 Bg4 5. f3 exf3 6. gxf3 Bh5 7. Bg5 e6 8.
Qd3 Be7 9. O-O-O Nbd7 10. Kb1 Nb6 11. Bb3 Nfd5 12. Bxe7 Qxe7 13. Nh3 O-O-O 14.
Rhe1 Qh4 15. Ng1 Qxh2 16. Rd2 Qg3 17. Ne4 Qxe1+ 18. Rd1 Qe3 19. Qxe3 Nxe3 20.
Rd3 Ned5 21. Bxd5 Rxd5 22. b3 Bg6 23. Ne2 Rhd8 24. Rc3 Bxe4 25. fxe4 Rxd4 26.
Nxd4 Rxd4 27. Re3 Rd2 28. Kc1 Rf2 29. Kb2 Kd7 30. e5 h5 31. a4 g5 32. a5 Nd5 33.
Rd3 g4 34. b4 h4 35. Kb3 Rf3 36. Kc4 Rxd3 37. Kxd3 h3 0-1

[Event "AUTO-OPEN-4443"]
[Site "http://www.queenalice.com/game.php?id=1811277"]
[Date "2023.5.5"]
[Round "1"]
[White "clovis"]
[Black "lobo"]
[Result "0-1"]
[WhiteElo "1897"]
[BlackElo "1788"]

1. e4 e5 2. Nf3 d6 3. Bc4 Qf6 4. d4 Bg4 5. dxe5 dxe5 6. Be2 h6 7. Nc3 Nd7 8. Nd5
Qc6 9. h3 Be6 10. O-O O-O-O 11. c4 Ndf6 12. Nxe5 Qd6 13. Bf3 Nxd5 14. Nxf7 Bxf7
15. cxd5 Nf6 16. Be3 g5 17. Bxa7 b6 18. Rc1 h5 19. Rc6 Qe5 20. Bxb6 Bd6 21. g3
h4 22. Bg4+ Nxg4 23. f4 gxf4 24. Qxg4+ Rd7 25. gxf4 Qxe4 26. Kh2 Rg8 27. Bxc7
Bxc7 28. Rfc1 Rxg4 0-1

[Event "AUTO-ADV-4697"]
[Site "http://www.queenalice.com/game.php?id=1811423"]
[Date "2023.5.7"]
[Round "1"]
[White "attib"]
[Black "lobo"]
[Result "0-1"]
[WhiteElo "1632"]
[BlackElo "1873"]

1. d4 d5 2. Nf3 Nc6 3. e3 Nf6 4. c4 dxc4 5. Bxc4 e6 6. Nc3 Bb4 7. Qc2 O-O 8. a3
Bxc3+ 9. Qxc3 a6 10. b3 b5 11. Bxb5 axb5 12. Qxc6 Bd7 13. Qc2 Nd5 14. e4 Nb6 15.
O-O c6 16. e5 Nd5 17. Bg5 f6 18. exf6 Nxf6 19. b4 Qe8 20. Bxf6 Rxf6 21. Ng5 Rg6
22. h4 Qe7 23. Qd2 h6 24. Ne4 Qxh4 25. Nc5 Qh3 26. g3 Rf8 27. Qd3 Be8 28. Rae1
h5 29. Nxe6 Rxe6 30. Rxe6 Qxe6 31. Qd2 h4 32. Qf4 Rxf4 0-1

[Event "AUTO-ADV-4697"]
[Site "http://www.queenalice.com/game.php?id=1811424"]
[Date "2023.5.7"]
[Round "1"]
[White "lobo"]
[Black "attib"]
[Result "0-1"]
[WhiteElo "1879"]
[BlackElo "1644"]

1. e4 d5 2. d4 dxe4 3. Nc3 Bf5 4. Be3 Nf6 5. Bc4 c6 6. Nge2 e6 7. O-O Be7 8. a3
Nbd7 9. Ng3 O-O 10. Nxf5 exf5 11. Bg5 Qc7 12. Ne2 Ng4 13. Bf4 Bd6 14. Qd2 g6 15.
Bg3 Bxg3 16. fxg3 Rad8 17. h3 Ngf6 18. Nf4 Rfe8 19. Qe3 Nb6 20. Bb3 c5 21. dxc5
Nbd5 22. Nxd5 Nxd5 23. Bxd5 Rxd5 24. b4 b6 25. cxb6 Qxb6 26. Qxb6 axb6 27. c4
Rd2 28. c5 bxc5 29. bxc5 Rb8 30. Rab1 Ra8 31. Rb3 Rc2 32. Rb7 Rxa3 33. g4 Raa2
0-1

[Event "AUTO-ADV-4697"]
[Site "http://www.queenalice.com/game.php?id=1811437"]
[Date "2023.5.7"]
[Round "1"]
[White "Canaye"]
[Black "lobo"]
[Result "0-1"]
[WhiteElo "1753"]
[BlackElo "1850"]

1. d4 d6 2. c4 b6 3. Nc3 Bb7 4. e4 e6 5. Bd3 Nf6 6. Nge2 Nc6 7. a3 Be7 8. b4 a6
9. O-O O-O 10. Qc2 e5 11. d5 Nd4 12. Nxd4 exd4 13. Ne2 Ng4 14. Nxd4 Ne5 15. Be2
Bf6 16. Rd1 c5 17. bxc5 bxc5 18. Nb3 a5 19. a4 Ng6 20. h3 Bxa1 21. Nxa1 Qh4 22.
Nb3 Bc8 23. Rd3 Qxe4 24. Rc3 Qxc2 25. Rxc2 Bf5 26. Rd2 Rfb8 27. Bd1 Ne5 28. Bb2
Nxc4 29. Re2 Bd3 30. Bc3 Bxe2 31. Bxe2 Rxb3 32. Bxc4 Rxc3 33. Be2 Re8 34. Bb5
Re5 35. Bc6 Rg5 36. Kh2 Rc2 37. Bd7 Rxf2 38. Bg4 Rxd5 39. Bf3 Rd4 40. h4 Rxa4
41. Kg3 Raa2 42. Bd5 Rab2 43. h5 Rf5 44. Bf3 a4 45. Kg4 Re5 46. Bc6 a3 0-1

[Event "AUTO-ADV-4697"]
[Site "http://www.queenalice.com/game.php?id=1811438"]
[Date "2023.5.7"]
[Round "1"]
[White "lobo"]
[Black "Canaye"]
[Result "1-0"]
[WhiteElo "1860"]
[BlackElo "1773"]

1. d4 e6 2. e4 d5 3. e5 c5 4. Nc3 Nc6 5. Bb5 c4 6. Nf3 Bb4 7. O-O Bxc3 8. bxc3
Ne7 9. Bg5 O-O 10. Qd2 Qc7 11. Qf4 a6 12. Bxc6 Nxc6 13. Bf6 gxf6 14. Qxf6 Qe7
15. Qh6 f5 16. Ng5 Qg7 17. Qh4 Bd7 18. f4 Ne7 19. Rf3 Ng6 20. Qf2 Qe7 21. Rg3
Rf7 22. Rb1 b5 23. Nxf7 Qxf7 24. h4 Kf8 25. h5 Nh8 26. Qf3 Ke7 27. h6 Rg8 28. a4
Rxg3 29. Qxg3 Qg6 30. Qh4+ Ke8 31. axb5 Bxb5 32. Rf1 Nf7 33. Rf3 Nxh6 34. Rg3
Ng4 35. Rh3 h6 36. Qe1 Kf8 37. Qb1 Qf7 38. Qb4+ Qe7 39. Qa5 Qd7 40. Qb6 Qc8 41.
Qa7 Qd7 42. Qb8+ Kg7 43. Rf3 a5 44. Qb6 a4 45. Rf1 Ne3 46. Rb1 Bc6 47. Qc5 Nxc2
48. Rb8 a3 49. Qf8+ Kg6 50. Qf6+ Kh5 51. Rh8 1-0

[Event "AUTO-ADV-4697"]
[Site "http://www.queenalice.com/game.php?id=1811445"]
[Date "2023.5.7"]
[Round "1"]
[White "Daniel1962"]
[Black "lobo"]
[Result "0-1"]
[WhiteElo "1803"]
[BlackElo "1808"]

1. e4 c5 2. Bc4 e6 3. Nc3 Nc6 4. Nf3 a6 5. d4 b5 6. Bd3 c4 7. Be2 Bd6 8. e5 Bc7
9. Bg5 Nge7 10. d5 h6 11. dxc6 hxg5 12. cxd7+ Bxd7 13. Nxg5 Bxe5 14. Qd2 Nf5 15.
O-O Bxh2+ 16. Kh1 Bf4+ 17. Nh3 Bxd2 18. Ne4 Bf4 19. Kg1 Qh4 20. Bf3 Rd8 21. Rad1
O-O 22. Nxf4 Qxf4 23. Nc5 Bc8 24. c3 Nh4 25. Rxd8 Rxd8 26. b3 Nxf3+ 27. gxf3
Qxf3 28. bxc4 e5 29. cxb5 Bh3 0-1

[Event "AUTO-ADV-4697"]
[Site "http://www.queenalice.com/game.php?id=1811446"]
[Date "2023.5.7"]
[Round "1"]
[White "lobo"]
[Black "Daniel1962"]
[Result "1-0"]
[WhiteElo "1837"]
[BlackElo "1757"]

1. Nf3 d5 2. d4 Bf5 3. Nc3 c6 4. h3 Nf6 5. Ng5 Bg6 6. Bf4 Ne4 7. Ncxe4 dxe4 8.
e3 Nd7 9. Bc4 e6 10. O-O Qb6 11. b3 h6 12. Nxe6 fxe6 13. Qg4 Bf5 14. Qg3 g5 15.
Bd6 Bxd6 16. Qxd6 h5 17. Bxe6 Bxe6 18. Qxe6+ Kd8 19. Qxe4 Kc7 20. c4 Rag8 21. d5
cxd5 22. cxd5 g4 23. Qf4+ Kd8 24. Rac1 gxh3 25. Qh4+ Qf6 26. Qxh3 h4 27. d6 Qxd6
28. Rfd1 Qe7 29. Kf1 Qf7 30. Ke1 Rf8 31. f3 Ke8 32. Rc8+ Ke7 33. Rxd7+ Kf6 34.
Rxf7+ Kxf7 35. Rc7+ Kg6 36. Rxb7 a5 37. Qg4+ Kh6 38. Rb6+ 1-0

[Event "AUTO-ADV-4713"]
[Site "http://www.queenalice.com/game.php?id=1815517"]
[Date "2023.7.3"]
[Round "1"]
[White "lobo"]
[Black "Castling"]
[Result "1-0"]
[WhiteElo "1876"]
[BlackElo "1570"]

1. e4 e5 2. Nf3 d6 3. d4 Bg4 4. Be2 h6 5. dxe5 Bxf3 6. Bxf3 dxe5 7. Bd2 Bd6 8.
O-O Nc6 9. c3 Nge7 10. c4 Nd4 11. Bg4 O-O 12. Bxh6 gxh6 13. f4 Bc5 14. Kh1 Ng6
15. f5 Ne7 16. f6 Ng6 17. Bh5 Kh7 18. Nc3 Nf4 19. Bg4 Qxf6 20. g3 Nh3 21. Rxf6
Nf2+ 22. Rxf2 Rad8 23. Nd5 Ne6 24. Rf6 Ng5 25. Bf5+ Kg7 26. Qh5 Rd6 27. Qxh6+
1-0

[Event "AUTO-ADV-4713"]
[Site "http://www.queenalice.com/game.php?id=1815518"]
[Date "2023.7.3"]
[Round "1"]
[White "Castling"]
[Black "lobo"]
[Result "0-1"]
[WhiteElo "1612"]
[BlackElo "1870"]

1. e4 e5 2. Bc4 Nf6 3. d3 Bc5 4. h3 d6 5. Nc3 O-O 6. Nf3 a6 7. Bg5 Nbd7 8. Nd5
c6 9. Nxf6+ Nxf6 10. Qd2 d5 11. Bxf6 Qxf6 12. exd5 e4 13. dxe4 b5 14. Bb3 Qxb2
15. O-O Qf6 16. e5 Qg6 17. e6 fxe6 18. dxc6 Rxf3 19. Qd8+ Rf8 20. Qa5 Kh8 21. a4
e5 22. axb5 Bxh3 23. Bd5 e4 24. b6 Qxg2# 0-1

[Event "AUTO-ADV-4713"]
[Site "http://www.queenalice.com/game.php?id=1815519"]
[Date "2023.7.3"]
[Round "1"]
[White "lobo"]
[Black "yy"]
[Result "0-1"]
[WhiteElo "1880"]
[BlackElo "1860"]

1. Nf3 d5 2. d4 e6 3. Nc3 Bb4 4. a3 Bxc3+ 5. bxc3 Nf6 6. Bg5 O-O 7. e3 Nbd7 8.
Bd3 c5 9. Ne5 c4 10. Be2 h6 11. Bxh6 gxh6 12. O-O Ne4 13. Bh5 Nxe5 14. dxe5 Nxc3
15. Qd4 Ne4 16. f3 Ng5 17. Qf4 f6 18. exf6 Qxf6 19. Qg3 Kh7 20. Rad1 Rg8 21. Qf2
Nh3+ 22. Kh1 Nxf2+ 23. Rxf2 Qh4 0-1

[Event "AUTO-ADV-4713"]
[Site "http://www.queenalice.com/game.php?id=1815520"]
[Date "2023.7.3"]
[Round "1"]
[White "yy"]
[Black "lobo"]
[Result "0-1"]
[WhiteElo "1861"]
[BlackElo "1863"]

1. e4 e6 2. e5 Nc6 3. d4 d5 4. Bb5 a6 5. Bxc6+ bxc6 6. b3 c5 7. c3 Ne7 8. Nf3
Nf5 9. O-O cxd4 10. cxd4 c5 11. Nc3 Qc7 12. Bb2 c4 13. bxc4 Qxc4 14. a4 a5 15.
Qd2 Bb4 16. g4 Ne7 17. Rfd1 O-O 18. Qd3 Qb3 19. Rd2 Ba6 20. Qc2 Qc4 21. Ng5 g6
22. Nf3 Rac8 23. Rc1 Kg7 24. Ne1 Qf1# 0-1

[Event "AUTO-ADV-4713"]
[Site "http://www.queenalice.com/game.php?id=1815521"]
[Date "2023.7.3"]
[Round "1"]
[White "lobo"]
[Black "Eggchaser"]
[Result "1-0"]
[WhiteElo "1854"]
[BlackElo "1850"]

1. e4 Nf6 2. Nc3 d5 3. d4 Nxe4 4. Nxe4 dxe4 5. Bc4 e6 6. Be3 a6 7. Ne2 Nc6 8.
O-O Bd6 9. d5 Ne5 10. Bb3 exd5 11. Qxd5 O-O 12. Ng3 c6 13. Qxe4 Qe7 14. Bg5 Qxg5
15. f4 Qg6 16. f5 Qg4 17. Rf4 Qg5 18. Raf1 Nd7 19. Rg4 Qd8 20. Nh5 1-0

[Event "AUTO-ADV-4713"]
[Site "http://www.queenalice.com/game.php?id=1815522"]
[Date "2023.7.3"]
[Round "1"]
[White "Eggchaser"]
[Black "lobo"]
[Result "1-0"]
[WhiteElo "1851"]
[BlackElo "1880"]

1. e4 e5 2. Nf3 Qf6 3. Nc3 Ne7 4. Bc4 Nbc6 5. d3 h6 6. O-O Ng6 7. Nd5 Qd6 8. c3
b6 9. g3 Na5 10. Ne3 Nxc4 11. Nxc4 Qe7 12. Ne3 Bb7 13. Nf5 Qf6 14. Re1 O-O-O 15.
N3h4 d5 16. exd5 Rxd5 17. Qg4 Kb8 18. Nxg6 Rg8 19. Nxf8 Rxf8 20. Qxg7 Qxg7 21.
Nxg7 Rg8 22. Bxh6 Rxd3 23. Rxe5 Rd6 24. Nf5 Rf6 25. Bf4 a5 26. Rae1 Ka7 27. Kf1
Ba6+ 28. Kg2 Bc8 29. Ne7 Rh8 30. Nxc8+ Rxc8 31. Re8 Rxe8 32. Rxe8 Rc6 33. Re7
Kb7 34. Rxf7 b5 35. Rxc7+ Rxc7 36. Bxc7 Kxc7 37. h4 Kd7 38. g4 Ke6 39. f4 1-0

[Event "Challenge"]
[Site "http://www.queenalice.com/game.php?id=1818615"]
[Date "2023.8.12"]
[Round "-"]
[White "lobo"]
[Black "Eggchaser"]
[Result "0-1"]
[WhiteElo "1879"]
[BlackElo "1891"]

1. e4 c5 2. Nf3 d6 3. Bc4 e6 4. O-O a6 5. d4 cxd4 6. Nxd4 Nf6 7. Bg5 Be7 8. Nc3
O-O 9. Qd3 Qc7 10. Nf3 Nc6 11. a3 h6 12. Bh4 b5 13. Bb3 Bb7 14. Rae1 Rfe8 15.
Ba2 Rad8 16. b4 d5 17. Bg3 Qc8 18. e5 Ne4 19. Nxe4 dxe4 20. Qxe4 Nd4 21. Qg4
Nxf3+ 22. gxf3 Qxc2 23. Bb1 Qc6 24. Kg2 Qd5 25. Be4 Qd7 26. Bf4 Bg5 27. Bxg5
hxg5 28. Qxg5 Qe7 29. Qh5 g6 30. Qh6 Bxe4 31. Rxe4 Qf8 32. Qh3 Qg7 33. Rg4 Qxe5
34. Re4 Qf5 35. Rg4 Kg7 36. Qg3 Rh8 37. h4 Rd3 38. Rf4 Qd5 39. Qg4 Rh5 40. Kh3
Rxa3 41. Rd4 Rxf3+ 42. Kh2 Qf5 43. Qxf5 Rhxf5 44. Kg2 R3f4 45. Rxf4 Rxf4 46. Kg3
Rxb4 47. f4 a5 48. Re1 Rb3+ 49. Kg2 a4 0-1

[Event "Challenge"]
[Site "http://www.queenalice.com/game.php?id=1818907"]
[Date "2023.8.16"]
[Round "-"]
[White "jorm"]
[Black "lobo"]
[Result "0-1"]
[WhiteElo "1889"]
[BlackElo "1863"]

1. e4 e5 2. Nc3 Nf6 3. a3 a6 4. Nf3 d5 5. exd5 Nxd5 6. Nxe5 Nxc3 7. dxc3 Bd6 8.
Bf4 O-O 9. Bc4 Be6 10. Bd3 Qf6 11. Qh5 g6 12. Bg5 Qxe5+ 13. Qe2 Qxg5 14. g3 Nc6
15. Be4 Rae8 16. f4 Qc5 17. O-O-O Bf5 18. b4 Qb6 19. Qf1 Bxe4 20. Rg1 a5 21. Qc4
axb4 22. cxb4 Qe3+ 23. Kb1 Qxa3 24. Qa2 Qxb4+ 0-1